000 00459pab a2200181 454500
008 180718b2012 xxu||||| |||| 00| 0 eng d
100 _aIlaiah, Kancha
245 _aEducational issues are best left with Parliament and not with intellectual experts
260 _c2012
300 _ap.13-14.
362 _a28 Jul
650 _aPolitical Science
650 _aEducation
650 _aTextbooks
773 _aMainstream
908 _aN
909 _a97350
999 _c97350
_d97350